Statistics for Grand Theft Auto Vice City Quiz

Click here to take the quiz!

General Stats

  • This quiz has been taken 52 times
  • The average score is 18 of 37

Answer Stats

HintAnswer% Correct
ProtagonistTommy Vercetti
88%
Real life equivalent of vice cityMiami
85%
Lawyer FriendKen Rosenberg
80%
Friend who betrays you at the endLance Vance
80%
Year game takes place1986
78%
Other GTA Game with Vice CityGrand Theft Auto Vice City Stories
78%
State Vice City is InFlorida
76%
Antagonist killed midway through the gameRicardo Diaz
76%
City where the first cutscene takes placeLiberty City
71%
Main Antagonist and Final BossSonny Forelli
68%
Spanish ColonelJuan Cortez
63%
Daughter of aboveMercedes Cortez
61%
Real estate cowboyAvery Carrington
59%
Adult ActressCandy
54%
British musician, also in San AndreasKent Paul
51%
Name of the dance clubThe Malibu
51%
Name of the bandLove Fist
49%
First safehouseOcean View Hotel
49%
Arms dealer who blows up his armPhil Cassidy
49%
Name of the adult clubPole Position
46%
Name of the final missionKeep your friends close...
44%
Voice Actor of ProtagonistRay Liota
41%
Other GTA Game with Vice CityGrand Theft Auto 1
39%
Biker Gang LeaderMitch Baker
39%
Name of the cab companyKaufman
37%
Radio host of V-RockLazlow Jones
37%
Film DirectorSteve Scott
37%
Leader of the Cuban gangUmberto Robina
34%
Elderly Haitian womanAuntie Poulet
32%
Name of the purchasable car dealershipSunshine Autos
32%
Infamous RC Helicopter missionDemolition Man
27%
Mission where you acquire Vercetti EstateRub out
22%
Never seen assassinMr Black
20%
Scottish lead singerJezz Torrent
17%
Manager of the print worksEarnest Kelly
15%
Beta Florida Keys locationGator Keys
15%
Owner of the cab companyDoris
2%

Score Distribution

Percentile by Number Answered

Percent of People with Each Score

Your Score History

You have not taken this quiz